000 01272cam a22003497a 4500
003 CHAP
005 20220329135558.0
008 971013s1978 r 00010 d
010 _a38805
011 _a39777
035 _a43902
040 _cCHAP
090 _aTesis
100 0 0 _aPeña Lozano, Alberto.
_986807
245 0 _aEvaluación de tres fungicidas y un fertilizante foliar en el control de cenicilla vellosa (Pseudoperonospera cubensis) del melón (Cucumus melo L.) en Apodaca, N.L.
260 _a(Monterrey, N.L.) :
_bEl autor,
_c1978
300 _a51 h.
_b: gráfs.
502 _aTesis (Ing. Agr. Esp. en Parasitología) -- ITESM. Div. de Ciencias Agropecuarias y Marítimas
590 _aALEPH
_b10
_c20130110
_lUCH01
_h1305
590 _aBATCH-UPD
_b10
_c20130110
_lUCH01
_h0857
590 _aBATCH-UPD
_b10
_c20130410
_lUCH01
_h0527
590 _aBATCH-UPD
_b10
_c20130914
_lUCH01
_h1359
590 _aCONVERSION
_b10
_c20130109
_lUCH01
_h1322
650 1 4 _aFertilización foliar.
_940445
650 1 4 _aFertilizantes
_xEfecto en melón.
_940528
650 1 4 _aFungicidas.
_944044
650 1 4 _aMelón
_xEnfermedades.
_974449
650 1 4 _aPseudoperonospora cubensis.
_992582
901 _aBK
942 _cTESIS
949 _bBC
_cTES
_d-100469
_eTS1
_i43902
_si
999 _c38805
_d38805